| 000 | 01304nam a2200289 a 4500 | ||
|---|---|---|---|
| 001 | BRCA_7847 | ||
| 005 | 20190320210025.0 | ||
| 008 | 300514s1684----fr-a###f##---#000-0#lat-# | ||
| 041 | _alat | ||
| 044 | _afr | ||
| 050 | 4 |
_aBX2015 _b.A2 1684 |
|
| 245 | 1 | 0 |
_aMissale Romanum _bex decreto, Sacro Sancti Concilii. Tridentini Restitutum, PII V. Pont. Max. Jessu editium. Et Clementis VIII. Primium, nunc denuo. Urbani Papae VIII. auctoritate recognitum. Unà cum omnibus aliorum Sanctorum Missis ab Innocentio X caeterisque summis. Pontificibus Concessis _cApud Georgium & Ludovicum Josse. |
| 260 |
_aParis _bApud Georgium & Ludovicum Josse viâ Jacobaea, sub signo Coronae Spinae _c1684 |
||
| 300 |
_acxxii, 582 p. _bil. _c15 cm. |
||
| 500 | _aEdición de cantos dorados | ||
| 500 | _aFondo antiguo | ||
| 500 | _aEjemplar se encuentra en caja fuerte | ||
| 500 | _aT-8 | ||
| 500 | _aCon Ex- libris de: Franz Mayer | ||
| 500 | _aEstado físico: la tapa se encuentra rota del costado donde se encuentra el lomo | ||
| 506 | 0 | _aFondo reservado: para su consulta es necesario credencial de usuario y carta de motivos | |
| 650 | 1 | 4 |
_aMisales _ySiglo XV _919424 |
| 650 | 1 | 4 |
_aLibros litúrgicos _vEdición especial _919425 |
| 700 | 1 |
_aJosse, Georgium & Ludovico _919426 |
|
| 902 | _aLAR | ||
| 942 |
_2lcc _cB |
||
| 999 |
_c7521 _d7521 |
||